00938nam a2200253 450000100060000000300090000600500170001500700030003200800410003501600130007602000180008904000240010708000210013124500930015226001530024530000220039850000120042050400200043265000560045270000430050871000510055171000490060285200330065112967ES-MaACL20251009181452.0t|000000s1980 sp ||||0| spa d7 z05535967 a84-7483-066-4 aIBH bspa cM-BN-DP a347.464.8(083.8)04aLas rentas vitalicias en el siglo XVIII b: inventario / cpor Antonio Matilla Tascón. aMadrid : bMinisterio de Cultura, Dirección General del Patrimonio Artístico, Archivos y Museos, Subdirección General de Archivo, cD.L. 1980. a214 p. ; c24 cm. aIndice. aBibliografía.14aRenta vitalicia-zEspaña-yS.XVIII-vInventarios.1 aMatilla Tascón, Antonio, d1914-20011 aEspaña. bSubdirección General de Archivos2 aArchivo Histórico de Protocolos de Madrid. aES-MaACLjL-20270 bR.123369